| Поле | Инд. | ПП | Название | Значение |
|---|---|---|---|---|
| Тип записи | a | |||
| Библиографический уровень | a | |||
| 001 | Контрольный номер | df5881fa4eff4ef68c52b5e081c6724d | ||
| 005 | Дата корректировки | 20190528112833.7 | ||
| 100 | a | Данные общей обработки | 20190528 ||| 0rusy0189 ca | |
| 101 | 0_ | a | Язык текста | rus |
| 102 | a | Страна публикации | RU | |
| 200 | 1_ | f | Первые сведения об ответственности | Н.Г. Канунникова |
| a | Заглавие | Административная ответственность несовершеннолетних в Российской Федерации | ||
| b | Общее обозначение материала | Текст | ||
| 210 | 1_ | d | Дата издания | 2019 |
| 461 | _0 | 1 | 2000 | |
| a | Административное право и процесс | |||
| 463 | _0 | 1 | 2000 | |
| a | № 4 | |||
| v | С. 48-50 | |||
| 1 | 2101 | |||
| d | 2019 | |||
| 1 | 001d77267a039de40d5940b4b842240ad65 | |||
| 606 | a | Основная рубрика | Административное право | |
| 610 | 0_ | a | Ключевые слова | АДМИНИСТРАТИВНАЯ ОТВЕТСТВЕННОСТЬ |
| a | Ключевые слова | НЕСОВЕРШЕННОЛЕТНИЕ | ||
| 700 | _1 | a | Фамилия | Канунникова |
| b | Имя | Н.Г. | ||
| 801 | _0 | a | Страна | RU |
| b | Организация | РГУП | ||
| c | Дата составления | 20190528 | ||
| g | Правила каталогизации | PSBO | ||
| 801 | _1 | a | Страна | RU |
| b | Организация | РГУП | ||
| c | Дата составления | 20190528 | ||
| g | Правила каталогизации | PSBO | ||
| 901 | t | Тип документа | b | |
| w | Контрольный № источника | d77267a039de40d5940b4b842240ad65 | ||
| 905 | a | Дата ввода | 20190528 |